1907 1062 1662 1506 1925 1809 1534 1913 1734 1283 1991 1976 1097 1108 1611 1058 1723 1053 1460 1025 1316 1125 1183 1838 1078 1040 1964 1002 1829 1711 1622 1958 1890 1728 1570 1734 1589 1735 1896 1689 1694 1042 1746 1719 1155 1014 1198 1121 1984 1437 1603 1439 1029 1964 1747 1900 1383 1098 1987 1703 1246 1919 1691 1532 1889 1228 1140 1685 1842 1095 1301 1030 1936 1813 1946 1064 1233 1637 1023 1599 1138 1404 1495 1448 1738 1926 1538 1723 1085 1396 1050 1223 1444 1208 1028 1380 1635 1445 1874 BCNSPRNW ULIB Ver.6.0+V

เปลี่ยนเป็นภาษาไทย

Change to English
 แสดงรายละเอียดบรรณานุกรม
  กลับหน้าหลัก

Brief Record : Get Marc (ISO 2709) : E-mail record : QR code < ปิดหน้าต่าง
LEADER : 00000nam 2200000uu 4500
001    13399111655
003     ULIB
008    110627s||||||||th 000 0 tha d
020    9786165000390
090    นว.^bณ429ม 2553
100 0  ณารา
245 00 มือปราบหัวใจ/^cณารา
250    พิมพ์ครั้งที่ 2
260    กรุงเทพฯ :^bพิมพ์คำ,^c2553
300    370 หน้า
945    ^p260^l0^i028055
995    ทศพร
999 ^a ใช้งานได้ทุกระบบ
รายการนี้ยังไม่มีแท็ก
คุณยังไม่ได้ล็อกอิน คุณสามารถมีกิจกรรมร่วมกับเว็บไซต์ได้ แต่ต้องล็อกอินก่อน ::
  ล็อกอิน

รายการสื่อสารสนเทศ

ลำดับที่ ประเภท เลขเรียก/บาร์โค้ด สถานที่ สถานะ
- ไม่พบข้อมูล -

รายการใกล้เคียง
    ผู้แต่ง [ณารา]

BibComment


ยังไม่เคยถูกคอมเมนท์

คอมเมนท์ทรัพยากรรายการนี้
  คอมเมนท์: มือปราบหัวใจ ณารา


 Copyright 2026. Bcnsprnw @Library